Die Vignetten zu Spruch 15 auf Totenbuch-Papyri des Neuen Reiches /

Saved in:

Main Author: Lapp, Günther (Author)

Format: Book

Language: German

Published: Basel : Orientverlag, 2015.

Series: Beitrage Zum Alten Agypten ; 6.
BAA ; 6.

Subjects:

Tags: Add Tag

No Tags, Be the first to tag this record!

Call Number: DT57 .B6 v.6

LEADER 00950namaa2200277 4500
003 OSt
005 20260331124534.0
008 160219s2015 sz af b 001 0 ger d
020 |a 9783905719260 
040 |c ARCE Library 
050 4 |a DT57 .B6 v.6 
100 1 |a Lapp, Günther,  |e author 
245 1 4 |a Die Vignetten zu Spruch 15 auf Totenbuch-Papyri des Neuen Reiches /  |c von Gunther Lapp. 
246 3 |a Vignetten zu Spruch funfzehn auf Totenbuch-Papyri des Neuen Reiches. 
264 1 |a Basel :  |b Orientverlag,  |c 2015. 
300 |a xxi, 108 pages, 10 leaves of plates :  |b illustrations ;   |c 30 cm. 
490 1 |a Beitrage Zum Alten Agypten ;   |v 6. 
490 1 |a BAA ;   |v 6. 
504 |a Includes bibliographical references (pages xi-xxi) and index. 
630 0 0 |a Book of the dead. 
650 0 |a Egyptian language  |v Texts. 
830 0 |a Beitrage Zum Alten Agypten ;   |v 6. 
830 0 |a BAA ;   |v 6. 
901 |a reviewed 
942 |c BK  |2 lcc 
999 |c 2241  |d 2241